| 000 | 01022cam a2200301 a 4500 | ||
|---|---|---|---|
| 999 |
_c128942 _d128942 |
||
| 001 | 14519427 | ||
| 003 | ARRUPE | ||
| 005 | 20190212113822.0 | ||
| 008 | 060825s2001 cc a 000 0 eng d | ||
| 010 | _a 2006432926 | ||
| 020 | _a7801138147 | ||
| 035 | _a(OCoLC)ocm51225269 | ||
| 040 |
_aOUN _cOUN _dOCLCQ _dOCL _dDLC |
||
| 041 | 1 |
_aeng _hchi |
|
| 042 | _alccopycat | ||
| 043 | _aa-cc--- | ||
| 050 | 0 | 0 |
_aSPC. DS721 _b.F3785 2001 |
| 100 | 1 |
_aFeng, Lingyu. _944512 |
|
| 245 | 1 | 2 |
_aA glimpse of the Chinese culture / _cFeng Lingyu & Shi Weimin ; translator: Li Zhurun. |
| 260 |
_a[Beijing] : _bChina Intercontinental Press, _c2001. |
||
| 300 |
_a199 p. : _bcol. ill. ; _c21 cm. |
||
| 440 | 0 |
_aChina basics series _944513 |
|
| 546 | _aTranslated from Chinese. | ||
| 650 | 0 |
_aArt, Chinese. _944514 |
|
| 651 | 0 |
_aChina _xCivilization. _9670 |
|
| 700 | 1 |
_aShi, Weimin. _944515 |
|
| 700 | 1 |
_aZhurum, Li _etr. _944546 |
|
| 906 |
_a7 _bcbc _ccopycat _d3 _encip _f20 _gy-gencatlg |
||
| 942 |
_2lcc _cSPC |
||